logo

Bir Sreshtho Munshi Abdur Rouf Library
Jhenaidah Cadet College

Ghost Stories From The Raj / (Record no. 13963)

MARC details
000 -LEADER
fixed length control field 00604nam a2200229 a 4500
001 - CONTROL NUMBER
JCCL Control Number 13963
003 - CONTROL NUMBER IDENTIFIER
JCCL marc code BD-JhCC
005 - DATE AND TIME OF LATEST TRANSACTION
control field 20240519105657.0
008 - FIXED-LENGTH DATA ELEMENTS--GENERAL INFORMATION
fixed length control field 240519b20022018ii |||| ||a| 000 0 eng d
020 ## - INTERNATIONAL STANDARD BOOK NUMBER
International Standard Book Number 9788171679928
035 ## - SYSTEM CONTROL NUMBER
system control number (BD-JhCC)13963
040 ## - CATALOGING SOURCE
Original cataloging agency BD-JhCC
Modifying agency BD-JhCC
041 ## - LANGUAGE CODE
Language code of Book english
082 ## - DEWEY DECIMAL CLASSIFICATION NUMBER
Classification number 813.08738
Author mark and Year BON 2018
110 ## - MAIN ENTRY--CORPORATE NAME
Relator code Bond, Ruskin
245 ## - TITLE STATEMENT
Title Ghost Stories From The Raj /
Statement of responsibility, etc Ruskin Bond.
260 ## - PUBLICATION, DISTRIBUTION, ETC. (IMPRINT)
Place of publication, distribution, etc India:
Name of publisher, distributor, etc Excel printers pvt;
Date of publication, distribution, etc 2018.
300 ## - PHYSICAL DESCRIPTION
Pagination 130 p. :
Dimensions 20 cm.
650 ## - SUBJECT ADDED ENTRY--TOPICAL TERM
Topical term or geographic name as entry element Horror and Supernatural Story
Geographic subdivision Literature
942 ## - ADDED ENTRY ELEMENTS (KOHA)
Source of classification or shelving scheme Dewey Decimal Classification
Koha item type Books
Holdings
Source of classification or shelving scheme Damaged status Not for loan Home library Current library Shelving location Date of accession Total Checkouts Full call number Barcode Date last seen Date checked out Copy number Method of acquisition Koha item type Currency
Dewey Decimal Classification     JCC Rouf Library JCC Rouf Library General Stacks   7 813.08738 BON 2018 19365 12/23/2025 11/19/2025 C-1 Purchase Books BDT

JCC Library | Contacts | JCC Home

Last Update on 23 September 2017
Copyright @ 2017-2020 JCC Rouf Library
Rouf Library, Jhenidah Cadet College (JCC), Bangladesh